[Event "TOP 16 Jeunes "]
[Site "Agneaux"]
[Date "2010.05.23"]
[Round "9.6"]
[White "Triboulin, Amaury"]
[Black "Venou, Randjit"]
[Result "1-0"]
[WhiteElo "1613"]
[BlackElo "1705"]
[PlyCount "85"]
[EventDate "2010.05.23"]
[EventType "team-match"]
[EventCountry "FRA"]

1. e4 e5 2. Nf3 Nc6 3. Nc3 Nf6 4. Bb5 Bb4 5. d3 d6 6. Bg5 Be6 7. O-O O-O 8. Ne2
h6 9. Bh4 Bg4 10. Bxc6 bxc6 11. Nc3 Bxc3 12. bxc3 d5 13. Re1 dxe4 14. Bxf6 Qxf6
15. Rxe4 Rab8 16. Rxg4 Qd6 17. Re4 Rfe8 18. Qe1 Rb5 19. Rb1 f5 20. Reb4 a6 21.
h3 g5 22. Rxb5 cxb5 23. d4 e4 24. Ne5 c5 25. Rd1 h5 26. Qe2 g4 27. h4 Re7 28.
Qd2 Rg7 29. g3 c4 30. Qf4 Qe6 31. Ra1 Qf6 32. a4 Rb7 33. Rb1 Kh7 34. axb5 Rxb5
35. Rxb5 axb5 36. Qg5 Qxg5 37. hxg5 Kg7 38. d5 Kf8 39. g6 b4 40. cxb4 c3 41. d6
f4 42. gxf4 g3 43. fxg3 1-0

[Event "TOP 16 Jeunes "]
[Site "Agneaux"]
[Date "2010.05.23"]
[Round "9.1"]
[White "Ozenne, Corentin"]
[Black "Bouyssieres, Max"]
[Result "1-0"]
[WhiteElo "2056"]
[BlackElo "1702"]
[PlyCount "71"]
[EventDate "2010.05.23"]
[EventType "team-match"]
[EventCountry "FRA"]

1. d4 Nf6 2. c4 c5 3. d5 e6 4. Nc3 exd5 5. cxd5 d6 6. Nf3 g6 7. g3 Bg7 8. Bg2
O-O 9. O-O a6 10. a4 Nbd7 11. h3 Re8 12. Bf4 Qe7 13. e4 Qf8 14. Nd2 Nh5 15. Be3
f5 16. exf5 Nxg3 17. fxg3 Rxe3 18. fxg6 Qe8 19. gxh7+ Kxh7 20. Qc2+ Kg8 21.
Nde4 Bd4 22. Kh2 Qh5 23. Rae1 Rxe1 24. Rxe1 Qg6 25. Rf1 Kg7 26. Ne2 Be5 27. Nf4
Bxf4 28. Rxf4 Ne5 29. Qe2 c4 30. Rf6 Qh7 31. Rxd6 Bg4 32. Qe3 Bf5 33. Qg5+ Kf7
34. Rf6+ Ke8 35. Rxf5 Nf7 36. Nf6+ 1-0

[Event "TOP 16 Jeunes "]
[Site "Agneaux"]
[Date "2010.05.23"]
[Round "9.2"]
[White "Jouanneau, Armand"]
[Black "Varin, Valentin"]
[Result "0-1"]
[WhiteElo "1785"]
[BlackElo "1780"]
[PlyCount "74"]
[EventDate "2010.05.23"]
[EventType "team-match"]
[EventCountry "FRA"]

1. e4 c5 2. Nf3 d6 3. d4 cxd4 4. Nxd4 Nf6 5. Nc3 a6 6. Be2 b5 7. a3 e6 8. Be3
Bb7 9. Qd3 Nbd7 10. Nf3 Be7 11. h3 Nc5 12. Bxc5 dxc5 13. Qxd8+ Rxd8 14. e5 Nd7
15. Rd1 O-O 16. O-O Bxf3 17. Bxf3 Nxe5 18. Bb7 a5 19. b3 b4 20. axb4 axb4 21.
Ne2 Rb8 22. Be4 f5 23. Bd3 Nxd3 24. Rxd3 Rfd8 25. Rfd1 Rxd3 26. Rxd3 Rd8 27.
Rxd8+ Bxd8 28. Nf4 Kf7 29. f3 Bg5 30. Nd3 Be3+ 31. Kf1 f4 32. Ne5+ Kf6 33. Ng4+
Kf5 34. Nxe3+ fxe3 35. g3 Ke5 36. Ke2 Kd4 37. g4 Kc3 0-1

[Event "TOP 16 Jeunes "]
[Site "Agneaux"]
[Date "2010.05.23"]
[Round "9.3"]
[White "Dupouy, Francois"]
[Black "Navrotescu, Andreea Cristiana"]
[Result "1-0"]
[WhiteElo "1801"]
[BlackElo "1927"]
[PlyCount "101"]
[EventDate "2010.05.23"]
[EventType "team-match"]
[EventCountry "FRA"]

1. e4 c5 2. c3 d5 3. exd5 Qxd5 4. d4 Nf6 5. Nf3 Bg4 6. dxc5 Qxd1+ 7. Kxd1 e5 8.
b4 e4 9. h3 Bh5 10. g4 Nxg4 11. hxg4 Bxg4 12. Nbd2 Nc6 13. Kc2 exf3 14. Bd3
O-O-O 15. Nc4 Rxd3 16. Kxd3 Bf5+ 17. Ke3 Be7 18. Rd1 h5 19. Kf4 Be6 20. Nd6+
Kb8 21. a4 Bf6 22. Bd2 Be5+ 23. Kxf3 Bg4+ 24. Kg2 Bxd1 25. Rxd1 Rf8 26. f4 Bxd6
27. cxd6 Kc8 28. c4 Kd7 29. c5 f6 30. Re1 Re8 31. Rxe8 Kxe8 32. Bc3 Kf7 33. b5
Nd8 34. f5 Ke8 35. Kg3 Kd7 36. Bb4 Nf7 37. a5 a6 38. c6+ bxc6 39. bxa6 Kc8 40.
d7+ Kb8 41. Be7 Ka7 42. d8=Q Nxd8 43. Bxd8 Kxa6 44. Bb6 c5 45. Bxc5 Kxa5 46.
Bf8 Kb5 47. Bxg7 Kc5 48. Bxf6 Kd5 49. Be7 Ke5 50. f6 Ke6 51. Kh4 1-0

[Event "TOP 16 Jeunes "]
[Site "Agneaux"]
[Date "2010.05.23"]
[Round "9.4"]
[White "Niepceron, Luc"]
[Black "Wassen, Antoine"]
[Result "0-1"]
[WhiteElo "1628"]
[BlackElo "1679"]
[PlyCount "64"]
[EventDate "2010.05.23"]
[EventType "team-match"]
[EventCountry "FRA"]

1. e4 e5 2. Nf3 Nc6 3. Bc4 Bc5 4. b4 Bxb4 5. c3 Ba5 6. d4 exd4 7. O-O Nf6 8.
cxd4 d5 9. e5 Ne4 10. Bb5 O-O 11. Bxc6 bxc6 12. Qa4 Bb6 13. Qxc6 Bg4 14. Be3
Re8 15. Nbd2 Nxd2 16. Nxd2 Re6 17. Qc3 Rg6 18. Bf4 Qh4 19. Bg3 Qh5 20. Nb3 Be2
21. Rfe1 Bc4 22. Rad1 a5 23. a4 Qg4 24. h3 Qd7 25. Nd2 Qxa4 26. Nxc4 dxc4 27.
d5 Qb3 28. Qf3 Qxf3 29. gxf3 Rxg3+ 30. Kf1 Rxf3 31. Re2 Rd8 32. Kg2 Rd3 0-1

[Event "TOP 16 Jeunes "]
[Site "Agneaux"]
[Date "2010.05.23"]
[Round "9.5"]
[White "Jouanneau, Gatien"]
[Black "Auvray, Honorine"]
[Result "0-1"]
[WhiteElo "1560"]
[BlackElo "1709"]
[PlyCount "78"]
[EventDate "2010.05.23"]
[EventType "team-match"]
[EventCountry "FRA"]

1. e4 c5 2. Nc3 Nc6 3. Bc4 e6 4. d3 d6 5. Nf3 g6 6. O-O Bg7 7. Bd2 Nge7 8. Ng5
h6 9. Nh3 Nd4 10. Nb5 d5 11. Nxd4 dxc4 12. Ne2 cxd3 13. cxd3 Qxd3 14. Bc3 Qxd1
15. Raxd1 Bxc3 16. Nxc3 Bd7 17. f4 Bc6 18. e5 Nd5 19. Nxd5 Bxd5 20. a3 b5 21.
Rc1 c4 22. Nf2 Ke7 23. Nd1 Rhd8 24. Nc3 a6 25. g3 Rd7 26. Rf2 Rad8 27. Kf1 Bc6
28. Ke1 h5 29. Ra1 a5 30. b4 a4 31. Rc1 Rd3 32. Re2 Rh8 33. Kf2 h4 34. Re3
hxg3+ 35. Rxg3 Rxh2+ 36. Kg1 Rh1+ 37. Kf2 Rxc1 38. Rxd3 cxd3 39. Na2 Rc2+ 0-1

[Event "TOP 16 Jeunes "]
[Site "Agneaux"]
[Date "2010.05.23"]
[Round "10.1"]
[White "Ider, Borya"]
[Black "Ellequain, Baptiste"]
[Result "1-0"]
[WhiteElo "2284"]
[BlackElo "1714"]
[PlyCount "59"]
[EventDate "2010.05.23"]
[EventType "team-match"]
[EventCountry "FRA"]

1. d4 d5 2. Nf3 Nf6 3. c4 c6 4. e3 g6 5. Bd3 Bg7 6. O-O O-O 7. Nc3 Be6 8. cxd5
Nxd5 9. h3 Nb6 10. Qe2 h6 11. Rd1 N8d7 12. e4 Nf6 13. Be3 Rc8 14. Rac1 Qd7 15.
Ne5 Qd6 16. f4 Nfd7 17. Nf3 Kh8 18. d5 cxd5 19. f5 Nc5 20. fxe6 d4 21. Bb1 Nxe6
22. e5 Qb4 23. Nxd4 Bxe5 24. Nxe6 fxe6 25. Bxh6 Bd4+ 26. Be3 e5 27. Bxd4 exd4
28. Qe5+ Kh7 29. Qh5+ Kg7 30. Qxg6+ 1-0

[Event "TOP 16 Jeunes "]
[Site "Agneaux"]
[Date "2010.05.23"]
[Round "10.2"]
[White "Neri, Jean Baptiste"]
[Black "Netzer, Jacques"]
[Result "1-0"]
[WhiteElo "2004"]
[BlackElo "2230"]
[PlyCount "103"]
[EventDate "2010.05.23"]
[EventType "team-match"]
[EventCountry "FRA"]

1. e4 c5 2. Nf3 e6 3. d4 cxd4 4. Nxd4 Nc6 5. Nc3 Qc7 6. Be2 Nf6 7. Be3 a6 8. a3
b5 9. Nxc6 dxc6 10. f4 e5 11. O-O Bd6 12. f5 Bb7 13. g4 h6 14. Bf3 c5 15. Qe2
c4 16. h4 Bc5 17. Rad1 Qb6 18. Bxc5 Qxc5+ 19. Kg2 O-O 20. g5 hxg5 21. hxg5 Nh7
22. Qd2 Qe7 23. g6 fxg6 24. fxg6 Ng5 25. Nd5 Bxd5 26. Qxd5+ Qe6 27. Bg4 Qxd5
28. exd5 Rxf1 29. Rxf1 Rf8 30. Rf5 Rxf5 31. Bxf5 Kf8 32. d6 e4 33. Kf2 Ke8 34.
Ke3 a5 35. Kf4 Nf3 36. Bxe4 Nd2 37. Bc6+ Kd8 38. Bxb5 c3 39. b4 Nb3 40. bxa5
Nxa5 41. Ke5 Nb3 42. Bd3 Nc5 43. Bf5 Na4 44. Ke6 Nc5+ 45. Kf7 Nb7 46. Kxg7 Nxd6
47. Bd3 Ke7 48. Kh7 Ne8 49. g7 Nxg7 50. Kxg7 Kd6 51. a4 Kc5 52. a5 1-0

[Event "TOP 16 Jeunes "]
[Site "Agneaux"]
[Date "2010.05.23"]
[Round "10.3"]
[White "Viennot, Dylan"]
[Black "Giroyan, Gary"]
[Result "0-1"]
[WhiteElo "1998"]
[BlackElo "2220"]
[PlyCount "118"]
[EventDate "2010.05.23"]
[EventType "team-match"]
[EventCountry "FRA"]

1. e4 e6 2. d4 d5 3. Nd2 a6 4. Bd3 c5 5. dxc5 Bxc5 6. Ngf3 Nf6 7. O-O Nc6 8.
exd5 Qxd5 9. Qe2 Nb4 10. Bc4 Qh5 11. c3 Nbd5 12. Ne4 Nxe4 13. Qxe4 Nf6 14. Qe5
Qxe5 15. Nxe5 Nd7 16. Nd3 Bd6 17. Bf4 Bxf4 18. Nxf4 b5 19. Be2 Nb6 20. Bf3 Ra7
21. Nd3 Rc7 22. Rfe1 f6 23. Nf4 Kf7 24. Bh5+ g6 25. Bg4 e5 26. Bxc8 Rhxc8 27.
Nh3 Rd7 28. Re2 Rcd8 29. Kf1 Rd1+ 30. Rxd1 Rxd1+ 31. Re1 Rxe1+ 32. Kxe1 Na4 33.
f4 Ke6 34. fxe5 Kxe5 35. Kd2 Nxb2 36. Kc2 Nc4 37. Kb3 Ne3 38. g3 Ng4 39. Kb4 g5
40. Ka5 Kd5 41. Kxa6 Kc4 42. Kb6 Nxh2 43. Nf2 f5 44. Kc6 Ng4 45. Nh3 h6 46. Kd6
Kxc3 47. Kc5 b4 48. Ng1 Nf2 49. Ne2+ Kd3 50. Ng1 Kc3 51. Ne2+ Kd2 52. Nd4 Nd3+
53. Kd5 f4 54. gxf4 Nxf4+ 55. Kc4 g4 56. Nf5 Nd3 57. Nxh6 g3 58. Nf5 g2 59. Nh4
Ne5+ 0-1

[Event "TOP 16 Jeunes "]
[Site "Agneaux"]
[Date "2010.05.23"]
[Round "10.4"]
[White "Lamard, Guillaume"]
[Black "Messinger, Karl"]
[Result "1-0"]
[WhiteElo "2126"]
[BlackElo "1883"]
[PlyCount "125"]
[EventDate "2010.05.23"]
[EventType "team-match"]
[EventCountry "FRA"]

1. d4 Nf6 2. c4 e6 3. g3 Bb4+ 4. Bd2 Qe7 5. Bg2 O-O 6. e4 Bxd2+ 7. Qxd2 d6 8.
Ne2 e5 9. d5 Nbd7 10. Nbc3 a5 11. O-O Nc5 12. Nc1 h6 13. Nd3 Nfd7 14. Rae1 Nxd3
15. Qxd3 Nc5 16. Qd2 Bd7 17. f4 Rae8 18. f5 Qg5 19. Re3 Rb8 20. h4 Qf6 21. Qe2
g5 22. Kf2 Kg7 23. Rh1 Rh8 24. b3 b6 25. Nb5 Rbc8 26. Qc2 Qe7 27. a3 Bxb5 28.
cxb5 Qd7 29. b4 axb4 30. axb4 Nb7 31. Bf1 Ra8 32. Rc3 Rhc8 33. Be2 Nd8 34. hxg5
hxg5 35. g4 f6 36. Rch3 Nf7 37. Rh7+ Kf8 38. R1h6 Ke7 39. Qc6 Qxc6 40. dxc6 Rh8
41. Bc4 Rxh7 42. Rxh7 Rf8 43. Bd5 Ke8 44. Ke3 Ke7 45. Kd3 Ke8 46. Kc4 Ke7 47.
Be6 Ke8 48. Kd5 Ke7 49. Bxf7 Rxf7 50. Rh8 Rf8 51. Rxf8 Kxf8 52. Ke6 Kg7 53. Kd7
d5 54. exd5 e4 55. d6 e3 56. dxc7 e2 57. c8=Q e1=Q 58. Kc7 Qxb4 59. Kxb6 Qxg4
60. Qd7+ Kh6 61. c7 Qg1+ 62. Kb7 Qg2+ 63. Qc6 1-0

[Event "TOP 16 Jeunes "]
[Site "Agneaux"]
[Date "2010.05.23"]
[Round "10.5"]
[White "Devoille, Hugo"]
[Black "Haussernot, Cecile"]
[Result "0-1"]
[WhiteElo "1719"]
[BlackElo "1971"]
[PlyCount "100"]
[EventDate "2010.05.23"]
[EventType "team-match"]
[EventCountry "FRA"]

1. e4 c5 2. Nf3 d6 3. Bb5+ Bd7 4. Bxd7+ Qxd7 5. O-O Nf6 6. Qe2 Nc6 7. c3 e6 8.
Rd1 Be7 9. d4 cxd4 10. cxd4 d5 11. e5 Ne4 12. Nbd2 Nxd2 13. Bxd2 O-O 14. Bc3 f5
15. exf6 Bxf6 16. Rd3 Rae8 17. Re1 Rf7 18. Re3 Rfe7 19. Qd1 Qd6 20. Qe2 a6 21.
h3 b5 22. b3 b4 23. Bb2 a5 24. Ba1 a4 25. Bb2 a3 26. Ba1 Nb8 27. Rc1 Rb7 28.
Re1 Rbe7 29. Rc1 Qd7 30. Re1 Rc8 31. Qd2 Qd6 32. Qe2 Qc6 33. Qd2 Na6 34. Qe2
Nc7 35. Qd2 Qd6 36. Rc1 Rf8 37. Qe1 g6 38. Re2 Bg7 39. Rec2 Bh6 40. Rc6 Qd8 41.
R1c2 Rxf3 42. gxf3 Rf7 43. Qe5 Bf4 44. Qe1 Qg5+ 45. Kf1 Qh5 46. Qxb4 Qxf3 47.
Qc3 Be3 48. Rxc7 Qh1+ 49. Ke2 Rxf2+ 50. Kd3 Qe4# 0-1

[Event "TOP 16 Jeunes "]
[Site "Agneaux"]
[Date "2010.05.23"]
[Round "10.6"]
[White "Meunier, Clement"]
[Black "Veys, Vincent"]
[Result "1-0"]
[WhiteElo "1788"]
[BlackElo "1687"]
[PlyCount "160"]
[EventDate "2010.05.23"]
[EventType "team-match"]
[EventCountry "FRA"]

1. e4 e5 2. Nf3 Nc6 3. Bb5 a6 4. Ba4 Nf6 5. d4 exd4 6. O-O b5 7. Bb3 d6 8. Bd5
Nxd5 9. exd5 Ne5 10. Nxd4 Be7 11. Nc3 Bf6 12. Re1 O-O 13. Ne4 Bb7 14. a4 Bxd5
15. axb5 Bxe4 16. Rxe4 axb5 17. Rxa8 Qxa8 18. Re3 Qd5 19. Re1 Nc4 20. c3 b4 21.
Qg4 bxc3 22. bxc3 c5 23. Nf5 Ne5 24. Qxg7+ Bxg7 25. Ne7+ Kh8 26. Nxd5 Rg8 27.
Kf1 Rb8 28. Bg5 c4 29. Ra1 h6 30. Be7 Nc6 31. Bh4 Rb5 32. Ra8+ Kh7 33. Nf6+
Bxf6 34. Bxf6 Kg6 35. Bh8 Na5 36. Ra6 Rd5 37. Ke2 Kh7 38. Bf6 Nb3 39. Rc6 Kg6
40. Bh4 Na5 41. Ra6 Nb3 42. Bg3 Nc1+ 43. Ke1 Nd3+ 44. Kf1 Nc1 45. Rxd6+ Rxd6
46. Bxd6 Na2 47. Bb4 Nxb4 48. cxb4 Kf5 49. Ke2 Ke4 50. Kd2 Kd4 51. h3 c3+ 52.
Kc2 Kc4 53. b5 Kxb5 54. Kxc3 Kc5 55. Kd3 Kd5 56. Ke3 Ke5 57. f4+ Kf5 58. g4+
Kf6 59. Ke4 Ke6 60. f5+ Kf6 61. Kf4 Ke7 62. Ke5 f6+ 63. Kd5 Kd7 64. h4 Ke7 65.
Kc6 Kf8 66. Kd6 Kg8 67. Ke7 Kg7 68. Ke6 Kh8 69. Kxf6 Kh7 70. Kf7 Kh8 71. Kg6 h5
72. Kxh5 Kg7 73. Kg5 Kf7 74. f6 Kf8 75. Kg6 Kg8 76. g5 Kh8 77. Kf5 Kg8 78. g6
Kf8 79. g7+ Kf7 80. h5 Kg8 1-0

[Event "TOP 16 Jeunes "]
[Site "Agneaux"]
[Date "2010.05.23"]
[Round "10.1"]
[White "Lagarde, Maxime"]
[Black "Saatdjian, Stephane"]
[Result "1-0"]
[WhiteElo "2387"]
[BlackElo "2009"]
[PlyCount "54"]
[EventDate "2010.05.23"]
[EventType "team-match"]
[EventCountry "FRA"]

1. e4 c5 2. Nf3 d6 3. d4 cxd4 4. Nxd4 Nf6 5. Nc3 g6 6. Be3 Bg7 7. f3 O-O 8. Qd2
Nc6 9. Bc4 Bd7 10. O-O-O Rc8 11. Bb3 Nxd4 12. Bxd4 b5 13. Nd5 Nxd5 14. Bxg7
Kxg7 15. exd5 a5 16. a3 Qb6 17. Qd4+ Qxd4 18. Rxd4 Rc5 19. Re1 Re8 20. Kd2 Bf5
21. c3 a4 22. Ba2 Kf6 23. h4 Kg7 24. Re3 Bc8 25. Ke2 Bb7 26. Kf2 Kf6 27. g4 Bc8
{suite illisible} 1-0

[Event "TOP 16 Jeunes "]
[Site "Agneaux"]
[Date "2010.05.23"]
[Round "10.2"]
[White "Msellek, Illyass"]
[Black "Ane, Cedric"]
[Result "0-1"]
[WhiteElo "2024"]
[BlackElo "2111"]
[PlyCount "56"]
[EventDate "2010.05.23"]
[EventType "team-match"]
[EventCountry "FRA"]

1. e4 c5 2. Nf3 e6 3. b3 a6 4. Bb2 d5 5. e5 Nc6 6. g3 g6 7. Bg2 Bg7 8. O-O Qc7
9. Re1 Nge7 10. d3 b6 11. Nbd2 Bb7 12. Bh3 h6 13. Nf1 g5 14. c4 d4 15. Qe2 Ng6
16. N1d2 Ncxe5 17. Nxe5 Nxe5 18. b4 Qc6 19. Ne4 f5 20. b5 axb5 21. cxb5 Qd5 22.
Qh5+ Ke7 23. f4 Nxd3 24. Qg6 Rag8 25. Bxf5 Qxf5 26. Qxf5 exf5 27. Nxc5+ Nxe1
28. Rxe1+ Be4 0-1

[Event "TOP 16 Jeunes "]
[Site "Agneaux"]
[Date "2010.05.23"]
[Round "10.3"]
[White "Kambrath, Yannick"]
[Black "Ralaivao, Maxence"]
[Result "0-1"]
[WhiteElo "1995"]
[BlackElo "1826"]
[PlyCount "102"]
[EventDate "2010.05.23"]
[EventType "team-match"]
[EventCountry "FRA"]

1. d4 Nf6 2. c4 g6 3. Nc3 Bg7 4. e4 d6 5. f4 O-O 6. Nf3 Bg4 7. Be2 Bxf3 8. Bxf3
c6 9. Be3 Nbd7 10. O-O Nb6 11. Qd3 d5 12. cxd5 cxd5 13. e5 Ne8 14. b3 e6 15.
Rac1 f5 16. g3 Rf7 17. Rc2 Bf8 18. h3 a6 19. g4 Ng7 20. a4 Rc8 21. Rb1 Rfc7 22.
Bc1 Qh4 23. Kg2 Bb4 24. Bd2 g5 25. fxg5 f4 26. Be1 Qxg5 27. a5 Nd7 28. Rbc1 Qg6
29. Be2 Qxd3 30. Bxd3 Bxa5 31. Nxd5 exd5 32. Bxa5 Rxc2+ 33. Rxc2 Rxc2+ 34. Bxc2
Ne6 35. Bc3 Ndf8 36. h4 Ng6 37. Kh3 Nc7 38. h5 Nf8 39. b4 Nb5 40. Bb2 Ne6 41.
Bb3 Nbc7 42. h6 Ng5+ 43. Kh4 f3 44. Bd1 f2 45. Be2 Ne4 46. Kh3 Ne6 47. Bf1 Nf4+
48. Kh2 Nd2 49. Kh1 Nxf1 50. Bc1 Ng3+ 51. Kh2 f1=Q 0-1

[Event "TOP 16 Jeunes "]
[Site "Agneaux"]
[Date "2010.05.23"]
[Round "10.4"]
[White "Stark, Gabriel"]
[Black "Eid, Amine"]
[Result "1-0"]
[WhiteElo "1758"]
[BlackElo "1874"]
[PlyCount "122"]
[EventDate "2010.05.23"]
[EventType "team-match"]
[EventCountry "FRA"]

1. d4 Nf6 2. c4 c5 3. d5 b5 4. cxb5 a6 5. b6 d6 6. Nc3 g6 7. e4 Bg7 8. Be2 Nbd7
9. Nf3 Nxb6 10. O-O Bg4 11. Nd2 Bxe2 12. Qxe2 O-O 13. Nf3 Qc7 14. Bf4 Nh5 15.
Bd2 Nd7 16. Rac1 Qa5 17. Qe3 Rfb8 18. Rb1 Nhf6 19. h3 Ne8 20. Rfe1 Ra7 21. Re2
Rab7 22. b3 Qd8 23. Qd3 Nc7 24. Bf4 Nb5 25. Nxb5 axb5 26. Rc1 Qc7 27. Qe3 Nb6
28. Rec2 Qd7 29. Rd1 Rc8 30. e5 dxe5 31. Nxe5 Qf5 32. Rcd2 Bxe5 33. Bxe5 f6 34.
Bg3 Rd7 35. d6 e5 36. Rc1 Qe6 37. Rxc5 Rxd6 38. Rxb5 Rc1+ 39. Kh2 Rxd2 40. Qxd2
Rc8 41. a4 Nd7 42. Qd5 Qxd5 43. Rxd5 Nc5 44. Rd6 Kg7 45. Rb6 Ra8 46. f3 g5 47.
Be1 Kg6 48. a5 Ra7 49. b4 Na4 50. Rb8 Kf5 51. Rc8 e4 52. Rc2 exf3 53. gxf3 Re7
54. Bd2 Re2+ 55. Kg1 h5 56. b5 g4 57. fxg4+ hxg4 58. hxg4+ Kxg4 59. b6 Kf3 60.
b7 Rg2+ 61. Kh1 Rg8 1-0

[Event "TOP 16 Jeunes "]
[Site "Agneaux"]
[Date "2010.05.23"]
[Round "10.5"]
[White "Banat, Rizlene"]
[Black "O'Sullivan, Nicolas"]
[Result "1-0"]
[WhiteElo "1638"]
[BlackElo "1572"]
[PlyCount "127"]
[EventDate "2010.05.23"]
[EventType "team-match"]
[EventCountry "FRA"]

1. Nf3 d6 2. c4 Nf6 3. Nc3 g6 4. g3 Bg7 5. Bg2 c6 6. d3 O-O 7. O-O Nbd7 8. Rb1
Nh5 9. Qc2 h6 10. b4 e5 11. Qb3 Kh7 12. b5 c5 13. a4 f5 14. Bb2 g5 15. Ra1 g4
16. Nd2 Qg5 17. Qc2 Kh8 18. Nd5 Qg6 19. Ne7 Qe8 20. Nxc8 Qxc8 21. a5 Rb8 22. a6
b6 23. Nb1 f4 24. Nd2 Ndf6 25. Qd1 Nh7 26. Ne4 Qe6 27. Nc3 Ng5 28. Ne4 Nxe4 29.
Bxe4 Qf6 30. Kg2 Qg5 31. Bc1 Nf6 32. Rh1 Nxe4 33. dxe4 Qg6 34. f3 Rbd8 35. Bb2
h5 36. Qf1 Qg5 37. Qf2 Rf6 38. h3 Kg8 39. hxg4 hxg4 40. fxg4 Qxg4 41. Qf3 Qg6
42. g4 Qf7 43. Rac1 Rg6 44. Kf2 Qe6 45. Rhg1 Rd7 46. Qd3 Qf6 47. Qh3 Qg5 48.
Qh5 Kf7 49. Qxg5 Rxg5 50. Kf3 Ke6 51. Rcd1 Bf6 52. Bc1 Rg6 53. Bd2 Rdg7 54. Bc3
Rh7 55. Rh1 Rgh6 56. Rxh6 Rxh6 57. Bd2 Rh3+ 58. Kg2 Rg3+ 59. Kh2 Be7 60. Rg1
Rxg1 61. Kxg1 Bh4 62. Kg2 Kf6 63. Kf3 Kg5 64. Ba5 1-0

[Event "TOP 16 Jeunes "]
[Site "Agneaux"]
[Date "2010.05.23"]
[Round "10.6"]
[White "Boudia, Samy"]
[Black "Vigna, Leo"]
[Result "0-1"]
[WhiteElo "1652"]
[BlackElo "1655"]
[PlyCount "98"]
[EventDate "2010.05.23"]
[EventType "team-match"]
[EventCountry "FRA"]

1. d4 Nf6 2. c4 e6 3. Nf3 d5 4. Nc3 c6 5. e3 Nbd7 6. Bd3 dxc4 7. Bxc4 b5 8. Bd3
a6 9. O-O Bd6 10. Nd2 Qc7 11. f4 Nd5 12. Nxd5 exd5 13. Nf3 O-O 14. Ne5 Nf6 15.
Bd2 c5 16. Rc1 c4 17. Bb1 Qe7 18. h3 Nd7 19. Qf3 Bb7 20. g4 Nb6 21. Qg3 f6 22.
Nf3 Rae8 23. Qh4 g6 24. Rce1 Bb4 25. Bxb4 Qxb4 26. f5 g5 27. Nxg5 fxg5 28.
Qxg5+ Kh8 29. f6 Rf7 30. Qh5 Qf8 31. Bg6 Kg8 32. Bxh7+ Rxh7 33. Qg6+ Kh8 34. f7
Rb8 35. Qf6+ Rg7 36. Rf5 Qxf7 37. Qxb6 Qxf5 38. Rf1 Qg6 39. Rf6 Qe8 40. Re6 Qd8
41. Rh6+ Rh7 42. Qg6 Rxh6 43. Qxh6+ Kg8 44. Qe6+ Kf8 45. Qf5+ Ke7 46. Qe5+ Kd7
47. Qf5+ Kc7 48. Qe5+ Qd6 49. Qg7+ Kb6 0-1

[Event "TOP 16 Jeunes "]
[Site "Agneaux"]
[Date "2010.05.23"]
[Round "10.7"]
[White "Kieffer, Anatole"]
[Black "O'Sullivan, Thomas"]
[Result "0-1"]
[WhiteElo "1800"]
[BlackElo "1781"]
[PlyCount "100"]
[EventDate "2010.05.23"]
[EventType "team-match"]
[EventCountry "FRA"]

1. e4 e6 2. d4 d5 3. e5 c5 4. c3 Nc6 5. Nf3 Qb6 6. a3 f6 7. b4 cxd4 8. cxd4
fxe5 9. dxe5 Qc7 10. Bb2 Nge7 11. Bd3 d4 12. Qe2 Nd5 13. Qe4 Be7 14. Bxd4 Nxd4
15. O-O Nxf3+ 16. Qxf3 Qxe5 17. Nd2 Nf6 18. Rae1 Qd5 19. Ne4 O-O 20. Nxf6+ Bxf6
21. Qxd5 exd5 22. Bc2 Bd7 23. Bb3 Bc6 24. Rd1 Rad8 25. Rfe1 Kh8 26. b5 Bxb5 27.
Bxd5 Ba4 28. Rd3 Bc2 29. Rd2 Bc3 30. Rxc2 Bxe1 31. Bxb7 Rd2 32. Rc1 Bxf2+ 33.
Kh1 Re2 34. g3 Re1+ 35. Rxe1 Bxe1 36. Kg2 Rf2+ 37. Kh3 Ra2 38. Be4 Rxa3 39. Kg2
a5 40. Bd5 a4 41. Kh3 Rc3 42. Kh4 a3 43. Ba2 Rc2 44. Bd5 a2 45. Bxa2 Rxa2 46.
h3 Ra4+ 47. Kh5 Bxg3 48. Kg5 h6+ 49. Kh5 Kh7 50. h4 Rxh4# 0-1

[Event "TOP 16 Jeunes "]
[Site "Agneaux"]
[Date "2010.05.23"]
[Round "10.7"]
[White "Coulet, Arthur"]
[Black "Kieffer, Anatole"]
[Result "0-1"]
[WhiteElo "1420"]
[BlackElo "1800"]
[PlyCount "94"]
[EventDate "2010.05.23"]
[EventType "team-match"]
[EventCountry "FRA"]

1. d4 c5 2. d5 d6 3. c4 Nf6 4. Nc3 g6 5. Nf3 Bg7 6. e4 O-O 7. Bd3 e5 8. Bg5
Nbd7 9. O-O Qb6 10. Qd2 Ne8 11. Be7 f6 12. Bxf8 Nxf8 13. Ne1 a6 14. f4 exf4 15.
Rxf4 Bh6 16. Na4 Qc7 17. Qf2 Bxf4 18. Qxf4 Bd7 19. Nc3 Rb8 20. Ne2 b5 21. cxb5
axb5 22. b3 Qb6 23. Kh1 Rc8 24. Ng3 c4 25. bxc4 bxc4 26. Be2 c3 27. Nc2 Ba4 28.
Ne1 Rb8 29. Qc1 Qb2 30. Bd3 Nd7 31. Bc2 Bxc2 32. Nxc2 Nc5 33. a4 Nb3 34. Qxb2
cxb2 35. Rg1 Nd2 36. Rd1 b1=Q 37. Ne3 Qd3 38. Rg1 Qxe3 39. Rd1 Rb1 40. Rxb1
Nxb1 41. h4 Qxg3 42. Kg1 Nd2 43. Kh1 Qxh4+ 44. Kg1 Qg3 45. Kh1 Nf1 46. Kg1 Ne3
47. Kh1 Qxg2# 0-1

[Event "TOP 16 Jeunes "]
[Site "Agneaux"]
[Date "2010.05.23"]
[Round "10.8"]
[White "O'Sullivan, Thomas"]
[Black "Boudia, Rayan"]
[Result "1-0"]
[WhiteElo "1781"]
[BlackElo "1580"]
[PlyCount "41"]
[EventDate "2010.05.23"]
[EventType "team-match"]
[EventCountry "FRA"]

1. d4 d5 2. c4 c6 3. Nc3 e5 4. e3 exd4 5. exd4 Nf6 6. Bg5 Be7 7. Nf3 Nbd7 8.
Bd3 dxc4 9. Bxc4 b5 10. Bd3 h6 11. Bh4 O-O 12. O-O Bb7 13. Qd2 a6 14. Rfe1 Re8
15. Rad1 Qb6 16. Ne5 Rad8 17. Qe3 Nxe5 18. Qxe5 Bc8 19. Bxf6 Bxf6 20. Qxe8+
Rxe8 21. Rxe8# 1-0

[Event "TOP 16 Jeunes "]
[Site "Agneaux"]
[Date "2010.05.23"]
[Round "10.1"]
[White "Wurtz, Guillaume"]
[Black "Thon, Gabriel"]
[Result "1-0"]
[WhiteElo "1879"]
[BlackElo "2109"]
[PlyCount "93"]
[EventDate "2010.05.23"]
[EventType "team-match"]
[EventCountry "FRA"]

1. c4 e5 2. g3 Nc6 3. Bg2 g6 4. e4 Bg7 5. Ne2 d6 6. Nbc3 Be6 7. d3 Qd7 8. Be3
Bh3 9. Bxh3 Qxh3 10. Qd2 Nge7 11. O-O-O O-O 12. f4 a6 13. Ng1 Qd7 14. h4 h5 15.
Nh3 Nd4 16. Rdf1 b5 17. Qd1 Rfb8 18. f5 Ndxf5 19. exf5 Nxf5 20. Bf2 bxc4 21.
dxc4 e4 22. Re1 Rb4 23. Qc2 Rab8 24. b3 e3 25. Bxe3 Nxg3 26. Rh2 c6 27. Ng5 Nf5
28. Rf2 d5 29. Bc5 R4b7 30. Rd2 Qc7 31. cxd5 cxd5 32. Nxd5 Qg3 33. Bf2 Qg4 34.
Re4 Qg2 35. Ba7 Qf1+ 36. Rd1 Qb5 37. Bxb8 Rxb8 38. Ne7+ Nxe7 39. Rxe7 Qb4 40.
Rxf7 Qb6 41. Rxg7+ Kxg7 42. Rd7+ Kf8 43. Rf7+ Kg8 44. Qc3 Qg1+ 45. Kb2 Qh2+ 46.
Ka3 Qd6+ 47. b4 1-0

[Event "TOP 16 Jeunes "]
[Site "Agneaux"]
[Date "2010.05.23"]
[Round "10.2"]
[White "Gueriche, Guillaume"]
[Black "Barbaras, Mathieu"]
[Result "0-1"]
[WhiteElo "2042"]
[BlackElo "1957"]
[PlyCount "120"]
[EventDate "2010.05.23"]
[EventType "team-match"]
[EventCountry "FRA"]

1. Nf3 Nf6 2. c4 e6 3. b3 d5 4. e3 Be7 5. Bb2 O-O 6. Nc3 b6 7. Be2 Bb7 8. O-O
Nbd7 9. cxd5 Nxd5 10. Nxd5 Bxd5 11. Qc2 c5 12. Rac1 Bf6 13. d4 cxd4 14. Nxd4
Rc8 15. Qb1 Nc5 16. Rfd1 Be4 17. Qa1 Qe7 18. f3 Bb7 19. Qb1 Rfd8 20. Kf2 a5 21.
Ba1 h5 22. a3 Nd7 23. b4 axb4 24. axb4 Ne5 25. b5 Rc5 26. Nb3 Rxc1 27. Rxc1 Rd7
28. Bd4 Qd6 29. Qb2 Ng4+ 30. fxg4 Qxh2 31. Bf3 Bh4+ 32. Kf1 Bxf3 33. Rc8+ Kh7
34. Qc2+ f5 35. gxf3 Qh1+ 36. Ke2 Qg2+ 37. Kd3 Qxf3 38. gxf5 e5 39. Qc6 Qxf5+
40. Qe4 Qxe4+ 41. Kxe4 exd4 42. exd4 g5 43. Rc6 g4 44. d5 g3 45. Rc2 Kg6 46.
Nd4 Bf6 47. Nf5 h4 48. d6 Rd8 49. Ne7+ Kg5 50. Rd2 Bxe7 51. dxe7 Rxd2 52. Ke3
Rd1 53. Ke2 g2 54. e8=Q g1=Q 55. Qg8+ Kf4 56. Qc4+ Kg3 57. Qc7+ Kh3 58. Qc3+
Kh2 59. Qc7+ Qg3 60. Qxb6 Qd3+ 0-1